| 000 | 00427cam a2200181ua 4500 | ||
|---|---|---|---|
| 020 | _c1.50 | ||
| 041 |
_ahin _h |
||
| 082 |
_a891.54 _bRAM/RA |
||
| 100 | _aRamdhari Singh, Dinakar. | ||
| 245 |
_aRashmirathi / _cRamdharisingh Dinakar. _hTextual Documents |
||
| 250 |
_a1 / _b. |
||
| 260 |
_aPatna : _bUdayanchal , _c1962. |
||
| 300 | _a144 ; . | ||
| 365 | _a1.50 | ||
| 504 | _a | ||
| 942 | _cBK | ||
| 999 |
_c8407 _d8407 |
||